Finanční účty v účetnictví politických stran, hnutí, občanských sdružení a jiných nevýdělečných organizací od roku 1993.

Poznámky k článku J. Lehkoživa "Finanční účty podnikatelů (Účetnictví 11/92), na základe ktorých je možné ho použiť i pre účtovníctvo občianskych združení.

Salvato in:
Dettagli Bibliografici
Autore principale: Tuček, V.
Natura: Capitolo di libro
Lingua:ceco
Soggetti:
Tags: Aggiungi Tag
Nessun Tag, puoi essere il primo ad aggiungerne!!

MARC

LEADER 00000naa a2200000 4500
001 r011830
005 20220831085403.6
041 0 |a cze 
044 |a [CS] 
245 1 0 |a Finanční účty v účetnictví politických stran, hnutí, občanských sdružení a jiných nevýdělečných organizací od roku 1993.  |c V. Tuček 
520 |a Poznámky k článku J. Lehkoživa "Finanční účty podnikatelů (Účetnictví 11/92), na základe ktorých je možné ho použiť i pre účtovníctvo občianskych združení. 
610 2 0 |a účtovníctvo 
610 2 0 |a strany politické 
610 2 0 |a hnutie politické 
610 2 0 |a 1993 
100 1 |a Tuček, V.